[Event "WchT Seniors 65"]
[Site "Struga"]
[Date "2023.09.28"]
[Round "9.3"]
[White "Kradolfer, Georg"]
[Black "Pregl, Walter"]
[Result "1/2-1/2"]
[WhiteElo "1912"]
[BlackElo "1971"]
[PlyCount "51"]
[EventDate "2023.09.19"]
[EventType "team-swiss"]
[EventRounds "9"]
[EventCountry "MKD"]
[SourceTitle "EXT 2024"]
[Source "ChessBase"]
[SourceDate "2023.10.10"]
[SourceVersion "1"]
[SourceVersionDate "2023.10.10"]
[SourceQuality "1"]
[WhiteTeam "Switzerland 65"]
[BlackTeam "Austria 65 II"]
[WhiteTeamCountry "SUI"]
[BlackTeamCountry "AUT"]

1. c4 e5 2. Nc3 Nc6 3. g3 g6 4. Bg2 Bg7 5. Nf3 Nge7 6. 0-0 0-0 7. Rb1 d6 8. b4 h6 9. b5 Nb8 10. d4 exd4 11. Nxd4 Nd7 12. e3 Ne5 13. Qb3 Nf5 14. Nxf5 Bxf5 15. e4 Be6 16. Nd5 c6 17. Ne3 Qc7 18. f4 Nxc4 19. Qc2 Nxe3 20. Bxe3 f5 21. bxc6 bxc6 22. Rbc1 Rac8 23. exf5 Bxf5 24. Qb3+ Kh7 25. Rxc6 Qe7 26. Rfc1 1/2-1/2

[Event "WchT Seniors 65"]
[Site "Struga"]
[Date "2023.09.26"]
[Round "7.3"]
[White "Deubelbeiss, Rene"]
[Black "Kradolfer, Georg"]
[Result "1/2-1/2"]
[WhiteElo "1929"]
[BlackElo "1912"]
[PlyCount "22"]
[EventDate "2023.09.19"]
[EventType "team-swiss"]
[EventRounds "9"]
[EventCountry "MKD"]
[SourceTitle "EXT 2024"]
[Source "ChessBase"]
[SourceDate "2023.10.10"]
[SourceVersion "1"]
[SourceVersionDate "2023.10.10"]
[SourceQuality "1"]
[WhiteTeam "Switzerland Riehen 65"]
[BlackTeam "Switzerland 65"]
[WhiteTeamCountry "SUI"]
[BlackTeamCountry "SUI"]

1. c4 Nf6 2. g3 c6 3. Nf3 d5 4. Bg2 dxc4 5. a4 Nbd7 6. Na3 g6 7. Nxc4 Bg7 8. 0-0 Nb6 9. Nxb6 Qxb6 10. a5 Qc7 11. d3 e5 1/2-1/2

[Event "Arco op 43rd"]
[Site "Arco"]
[Date "2021.10.11"]
[Round "3"]
[White "Bettalli, Francesco"]
[Black "Kradolfer, Georg"]
[Result "1-0"]
[WhiteElo "2287"]
[BlackElo "1987"]
[PlyCount "65"]
[EventDate "2021.10.09"]
[EventType "swiss"]
[EventRounds "9"]
[EventCountry "ITA"]
[SourceTitle "CBM 204 Extra"]
[Source "ChessBase"]
[SourceDate "2021.11.30"]
[SourceVersion "1"]
[SourceVersionDate "2021.11.30"]
[SourceQuality "1"]

1. e4 c6 2. d4 d5 3. exd5 cxd5 4. Bd3 Nc6 5. c3 g6 6. Bf4 Bg7 7. Nd2 Nf6 8. Ngf3 Nh5 9. Bg5 Qc7 10. 0-0 0-0 11. Re1 Re8 12. Qb3 h6 13. Bh4 e5 14. dxe5 Nxe5 15. Nxe5 Bxe5 16. Nf3 Bg4 17. Nxe5 Rxe5 18. Qb4 Nf4 19. Bf1 g5 20. Bg3 a5 21. Qd4 Rae8 22. f3 Bd7 23. Rxe5 Qxe5 24. Qxe5 Rxe5 25. Bxf4 gxf4 26. Rd1 Kg7 27. Kf2 Bc6 28. Rd4 Rh5 29. Rxf4 Rxh2 30. Rf5 Rh4 31. b3 b6 32. g4 Rh2+ 33. Bg2 1-0

[Event "Arco op 43rd"]
[Site "Arco"]
[Date "2021.10.10"]
[Round "2"]
[White "Kradolfer, Georg"]
[Black "Degaudenz, Fabio"]
[Result "1-0"]
[WhiteElo "1987"]
[BlackElo "1498"]
[PlyCount "43"]
[EventDate "2021.10.09"]
[EventType "swiss"]
[EventRounds "9"]
[EventCountry "ITA"]
[SourceTitle "CBM 204 Extra"]
[Source "ChessBase"]
[SourceDate "2021.11.30"]
[SourceVersion "1"]
[SourceVersionDate "2021.11.30"]
[SourceQuality "1"]

1. c4 b6 2. Nf3 Bb7 3. Nc3 e6 4. e4 Bb4 5. Qc2 Ne7 6. Be2 f5 7. e5 Ng6 8. 0-0 0-0 9. d4 Be7 10. a3 Nh8 11. d5 h6 12. Nd4 Bc5 13. Rd1 Bxd4 14. Rxd4 Qe8 15. f4 Qg6 16. Rd3 Na6 17. b4 Rac8 18. Rg3 Qe8 19. Bf3 Kh7 20. Nb5 Ra8 21. Bb2 Qe7 22. d6 1-0

[Event "WchT Seniors 65"]
[Site "Prague"]
[Date "2020.03.09"]
[Round "4.6"]
[White "Baum, Bernd"]
[Black "Kradolfer, Georg"]
[Result "1-0"]
[WhiteElo "2249"]
[BlackElo "1991"]
[PlyCount "73"]
[EventDate "2020.03.06"]
[EventType "team-swiss"]
[EventRounds "7"]
[EventCountry "CZE"]
[SourceTitle "CBM 195 Extra"]
[Source "ChessBase"]
[SourceDate "2020.05.31"]
[SourceVersion "1"]
[SourceVersionDate "2020.05.31"]
[SourceQuality "1"]
[WhiteTeam "Germany 65 III"]
[BlackTeam "Switzerland 65"]
[WhiteTeamCountry "GER"]
[BlackTeamCountry "SUI"]

1. c4 c5 2. Nf3 Nf6 3. g3 Nc6 4. Bg2 d5 5. cxd5 Nxd5 6. Nc3 Nxc3 7. bxc3 e5 8. d3 Be7 9. 0-0 0-0 10. Rb1 Rb8 11. Nd2 Be6 12. Qa4 Bd7 13. Qc2 Qc7 14. Nc4 f6 15. f4 b5 16. Ne3 Be6 17. Nd5 Qd7 18. e4 Bd6 19. f5 Bf7 20. g4 c4 21. Be3 Bxd5 22. exd5 Ne7 23. dxc4 bxc4 24. Qf2 Rxb1 25. Rxb1 Rb8 26. Rxb8+ Bxb8 27. Qe2 h5 28. Qxc4 Kh8 29. h3 hxg4 30. hxg4 g5 31. Qa6 Kg7 32. c4 Qc8 33. Qxc8 Nxc8 34. c5 Kf7 35. d6 Ke8 36. Bc6+ Kd8 37. Bd2 1-0

[Event "WchT Seniors 65"]
[Site "Prague"]
[Date "2020.03.08"]
[Round "3.5"]
[White "Boudre, Jean Pierre"]
[Black "Kradolfer, Georg"]
[Result "1/2-1/2"]
[WhiteElo "2263"]
[BlackElo "1991"]
[PlyCount "121"]
[EventDate "2020.03.06"]
[EventType "team-swiss"]
[EventRounds "7"]
[EventCountry "CZE"]
[SourceTitle "CBM 195 Extra"]
[Source "ChessBase"]
[SourceDate "2020.05.31"]
[SourceVersion "1"]
[SourceVersionDate "2020.05.31"]
[SourceQuality "1"]
[WhiteTeam "France 65"]
[BlackTeam "Switzerland 65"]
[WhiteTeamCountry "FRA"]
[BlackTeamCountry "SUI"]

1. e4 c6 2. Nc3 d5 3. Nf3 dxe4 4. Nxe4 Bg4 5. h3 Bxf3 6. Qxf3 e6 7. c3 Nd7 8. d4 Ndf6 9. Bd3 Nxe4 10. Qxe4 Nf6 11. Qe2 Qc7 12. Bd2 h6 13. 0-0-0 0-0-0 14. Kb1 Kb8 15. g3 Bd6 16. c4 c5 17. Bc3 Rhe8 18. dxc5 Qxc5 19. b4 Qb6 20. Qb2 Be7 21. a3 Qc6 22. Qe2 Qa4 23. Kb2 Qc6 24. Bc2 Rxd1 25. Rxd1 Rc8 26. Be5+ Ka8 27. Kb3 Rd8 28. f3 Rxd1 29. Qxd1 g6 30. g4 Qd7 31. Qe2 Ne8 32. Qd3 Qxd3+ 33. Bxd3 Bd6 34. Bd4 Kb8 35. c5 Bf4 36. Bb5 Nc7 37. Bd7 e5 38. Bf2 g5 39. Kc4 Ne6 40. c6 Nd4 41. cxb7 Kxb7 42. Be8 f6 43. Bg6 Kc7 44. Be4 Bc1 45. a4 Bb2 46. b5 Kd6 47. Be1 Ba3 48. Ba5 Ne6 49. b6 axb6 50. Bxb6 Bc5 51. a5 Bd4 52. Bxd4 exd4 53. a6 Nc7 54. a7 Ke5 55. a8Q Nxa8 56. Bxa8 f5 57. gxf5 Kxf5 58. Kxd4 Kf4 59. Bd5 h5 60. Bf7 g4 61. fxg4 1/2-1/2

[Event "WchT Seniors 65"]
[Site "Rhodes"]
[Date "2019.04.24"]
[Round "9.10"]
[White "Kradolfer, Georg"]
[Black "Palsson, Bertil"]
[Result "1-0"]
[WhiteElo "2048"]
[BlackElo "1785"]
[PlyCount "55"]
[EventDate "2019.04.16"]
[EventType "team-swiss"]
[EventRounds "9"]
[EventCountry "GRE"]
[SourceTitle "CBM 190 Extra"]
[Source "ChessBase"]
[SourceDate "2019.07.15"]
[SourceVersion "1"]
[SourceVersionDate "2019.07.15"]
[SourceQuality "1"]
[WhiteTeam "Switzerland"]
[BlackTeam "Sweden IV"]
[WhiteTeamCountry "SUI"]
[BlackTeamCountry "SWE"]

1. c4 c5 2. Nf3 Nf6 3. d4 cxd4 4. Nxd4 g6 5. Nc3 Bg7 6. e4 d6 7. Be2 0-0 8. 0-0 Nc6 9. Be3 Nxd4 10. Bxd4 b6 11. Rc1 Bb7 12. Qd3 Rc8 13. f4 e6 14. Kh1 Ba6 15. b3 d5 16. exd5 exd5 17. Bxf6 Bxf6 18. Nxd5 Bg7 19. f5 Rc6 20. Rcd1 Re8 21. Bf3 Rd6 22. Ne7+ Qxe7 23. Qxd6 Qxd6 24. Rxd6 gxf5 25. Rfd1 Bc8 26. Rd8 Kf8 27. Bc6 Rxd8 28. Rxd8+ 1-0

[Event "EU-chT Seniors 65"]
[Site "Walbrzych"]
[Date "2018.04.19"]
[Round "6.2"]
[White "Wademark, Helge"]
[Black "Kradolfer, Georg"]
[Result "1/2-1/2"]
[WhiteElo "2005"]
[BlackElo "2084"]
[PlyCount "34"]
[EventDate "2018.04.14"]
[EventType "team-swiss"]
[EventRounds "9"]
[EventCountry "POL"]
[SourceTitle "CBM 184 Extra"]
[Source "ChessBase"]
[SourceDate "2018.06.28"]
[SourceVersion "1"]
[SourceVersionDate "2018.06.28"]
[SourceQuality "1"]
[WhiteTeam "Sweden 65 II"]
[BlackTeam "Switzerland 65"]
[WhiteTeamCountry "FIN"]
[BlackTeamCountry "SUI"]

1. e4 c6 2. d4 d5 3. exd5 cxd5 4. Bd3 Nf6 5. Nf3 Bg4 6. c3 Qc7 7. Nbd2 Nbd7 8. Qa4 Bxf3 9. Nxf3 e6 10. Bg5 Bd6 11. Bxf6 gxf6 12. g3 a6 13. Nh4 0-0-0 14. 0-0-0 f5 15. Ng2 Kb8 16. Kb1 Rc8 17. Rc1 Nb6 1/2-1/2

[Event "Calvi Balagne op 04th"]
[Site "Calvi"]
[Date "2007.02.28"]
[Round "5"]
[White "Kradolfer, Georg"]
[Black "Prie, Eric"]
[Result "1/2-1/2"]
[WhiteElo "2159"]
[BlackElo "2516"]
[PlyCount "104"]
[EventDate "2007.02.26"]
[EventType "swiss"]
[EventRounds "7"]
[EventCountry "FRA"]
[SourceTitle "CBM 117 Extra"]
[Source "ChessBase"]
[SourceDate "2007.05.09"]
[SourceVersion "1"]
[SourceVersionDate "2007.05.09"]
[SourceQuality "1"]

1. c4 c6 2. d4 d5 3. Nf3 Nf6 4. Nc3 a6 5. e3 b5 6. c5 g6 7. Qb3 a5 8. Ne5 Bg7 9. Bd3 0-0 10. 0-0 Be6 11. Qc2 Qc8 12. Bd2 Bf5 13. a3 Bxd3 14. Nxd3 Nbd7 15. Be1 Re8 16. f4 Ne4 17. Bh4 Ndf6 18. Nf2 Nxf2 19. Bxf6 Nh3+ 20. gxh3 exf6 21. Rf3 f5 22. h4 Re6 23. Raf1 b4 24. Nb1 Qa6 25. Kh1 a4 26. h5 Qc4 27. Qc1 b3 28. Re1 Qc2 29. Nc3 Rae8 30. hxg6 fxg6 31. Qxc2 bxc2 32. Rc1 Rxe3 33. Rxe3 Rxe3 34. Rxc2 Bxd4 35. Nxa4 Rb3 36. Nb6 Bxb2 37. Nxd5 cxd5 38. c6 Rb8 39. c7 Rc8 40. Rxb2 Rxc7 41. a4 Ra7 42. Ra2 Kg7 43. Kg2 Kf6 44. a5 Ke6 45. Kf2 Kd6 46. Ke3 Kc5 47. h4 Kc4 48. Kd2 d4 49. a6 Kb4 50. Ra1 Kc4 51. Ra2 Kb4 52. Ra1 Kc4 1/2-1/2

[Event "Znojmo op"]
[Site "Znojmo"]
[Date "2006.05.21"]
[Round "9.6"]
[White "Kradolfer, Georg"]
[Black "Mlynek, Petr"]
[Result "1-0"]
[WhiteElo "2133"]
[BlackElo "2256"]
[PlyCount "69"]
[EventDate "2006.05.14"]
[EventType "swiss"]
[EventRounds "9"]
[EventCountry "CZE"]
[SourceTitle "CBM 112 Extra"]
[Source "ChessBase"]
[SourceDate "2006.07.14"]
[SourceVersion "1"]
[SourceVersionDate "2006.07.14"]
[SourceQuality "1"]

1. c4 c6 2. d4 d5 3. cxd5 cxd5 4. Nc3 Nf6 5. Nf3 Nc6 6. Bf4 e6 7. e3 Be7 8. Bd3 0-0 9. Ne5 Qb6 10. a3 Bd7 11. 0-0 Rfc8 12. Qc2 Be8 13. Nxc6 Rxc6 14. Be5 h6 15. Bxf6 Bxf6 16. Qe2 Rac8 17. f4 g6 18. g4 Qb3 19. f5 e5 20. fxg6 fxg6 21. dxe5 Bxe5 22. Qf3 Bxc3 23. bxc3 Qxc3 24. Qxd5+ Kh7 25. Rab1 b6 26. Rf8 Qg7 27. Rxe8 Rxe8 28. Qxc6 Rxe3 29. Rd1 Re7 30. Be4 b5 31. h4 Qf7 32. h5 Kg7 33. Rd6 Rc7 34. Rxg6+ Kf8 35. Qd6+ 1-0

[Event "Znojmo op"]
[Site "Znojmo"]
[Date "2006.05.19"]
[Round "7.10"]
[White "Kradolfer, Georg"]
[Black "Potyavin, Igor"]
[Result "1/2-1/2"]
[WhiteElo "2133"]
[BlackElo "2048"]
[PlyCount "75"]
[EventDate "2006.05.14"]
[EventType "swiss"]
[EventRounds "9"]
[EventCountry "CZE"]
[SourceTitle "CBM 112 Extra"]
[Source "ChessBase"]
[SourceDate "2006.07.14"]
[SourceVersion "1"]
[SourceVersionDate "2006.07.14"]
[SourceQuality "1"]

1. c4 Nf6 2. Nc3 d6 3. g3 g6 4. Bg2 Bg7 5. Nf3 0-0 6. 0-0 e5 7. d3 a5 8. a3 Na6 9. Rb1 Nh5 10. b4 axb4 11. axb4 f5 12. Nd5 h6 13. e4 c6 14. Nc3 f4 15. Nd2 fxg3 16. fxg3 Qb6+ 17. Kh1 Rxf1+ 18. Nxf1 Nxb4 19. Qb3 c5 20. Nd5 Nxd5 21. Qxb6 Nxb6 22. Rxb6 Bf8 23. Rb1 Ra2 24. Bb2 Nf6 25. Ne3 Ng4 26. Nd1 Nf6 27. Nc3 Ra5 28. Bc1 g5 29. Bf3 g4 30. Bd1 Kf7 31. Na4 Kg6 32. Nb6 Be6 33. Na4 Ra7 34. Nc3 Bd7 35. Bb2 h5 36. Ra1 Ra6 37. Ba4 Rb6 38. Bb5 1/2-1/2

[Event "Znojmo op"]
[Site "Znojmo"]
[Date "2006.05.14"]
[Round "1.16"]
[White "Kradolfer, Georg"]
[Black "Hruby, Vaclav"]
[Result "1/2-1/2"]
[WhiteElo "2133"]
[BlackElo "1871"]
[PlyCount "100"]
[EventDate "2006.05.14"]
[EventType "swiss"]
[EventRounds "9"]
[EventCountry "CZE"]
[SourceTitle "CBM 112 Extra"]
[Source "ChessBase"]
[SourceDate "2006.07.14"]
[SourceVersion "1"]
[SourceVersionDate "2006.07.14"]
[SourceQuality "1"]

1. c4 c5 2. Nc3 Nc6 3. g3 b6 4. Bg2 Bb7 5. Nf3 e6 6. 0-0 Nf6 7. e4 d6 8. d4 e5 9. dxe5 dxe5 10. Qa4 Qb8 11. Bg5 Be7 12. Nd5 0-0 13. Nxe7+ Nxe7 14. Bxf6 gxf6 15. Nh4 Bc6 16. Qd1 Qc8 17. Qh5 Qe6 18. b3 Rab8 19. f4 Bd7 20. f5 Qc6 21. g4 Kh8 22. g5 fxg5 23. f6 Ng6 24. Qxg5 Rbe8 25. Nf5 Be6 26. Rad1 Rg8 27. Ng7 Rd8 28. Rxd8 Rxd8 29. Qh6 Rg8 30. Nf5 Qd7 31. Kh1 Nf4 32. Ng7 Qd2 33. Qg5 Qxg2+ 34. Qxg2 Nxg2 35. Kxg2 Bc8 36. Rd1 h6 37. Rd5 Kh7 38. Rxe5 Kg6 39. Re8 Rxe8 40. Nxe8 Bd7 41. Nc7 Kxf6 42. Kf3 Ke5 43. Ke3 Bc6 44. Nd5 f6 45. Nc3 f5 46. exf5 Kxf5 47. a3 Kg4 48. Kf2 h5 49. b4 cxb4 50. axb4 h4 1/2-1/2

[Event "Budapest Spring op 22nd"]
[Site "Budapest"]
[Date "2006.03.30"]
[Round "8"]
[White "Kradolfer, Georg"]
[Black "Keschitz, Gyorgy"]
[Result "0-1"]
[WhiteElo "2133"]
[BlackElo "2281"]
[PlyCount "100"]
[EventDate "2006.03.23"]
[EventType "swiss"]
[EventRounds "9"]
[EventCountry "HUN"]
[SourceTitle "CBM 111 Extra"]
[Source "ChessBase"]
[SourceDate "2006.05.09"]
[SourceVersion "1"]
[SourceVersionDate "2006.05.09"]
[SourceQuality "1"]

1. c4 Nf6 2. Nc3 d5 3. cxd5 Nxd5 4. g3 g6 5. Bg2 Nb6 6. Nf3 Bg7 7. 0-0 0-0 8. d3 Nc6 9. Be3 e5 10. Rc1 Nd4 11. Ne4 h6 12. Nxd4 exd4 13. Bd2 Nd5 14. Qb3 c6 15. Rfe1 Qb6 16. Nc5 Rd8 17. Rc2 Bf8 18. Qc4 a5 19. a3 Kh7 20. e4 dxe3 21. Bxe3 Qc7 22. Bxd5 Rxd5 23. Ne4 Qd8 24. Nc3 Rf5 25. Rce2 Be6 26. Qd4 Qxd4 27. Bxd4 Rd8 28. Be5 Rxd3 29. Ne4 Rxe5 30. Nf6+ Kh8 31. Rxe5 Bg7 32. Rxe6 fxe6 33. Rxe6 Bxf6 34. Rxf6 Rb3 35. Rxg6 Kh7 36. Re6 Rxb2 37. Re7+ Kg6 38. Re6+ Kg7 39. h4 a4 40. h5 Rb3 41. g4 b5 42. Rxc6 Rxa3 43. Rg6+ Kh7 44. Rb6 Rb3 45. Rb7+ Kg8 46. Rb8+ Kg7 47. Kg2 a3 48. f4 Rb4 49. Rb7+ Kf8 50. Rb8+ Ke7 0-1

[Event "Budapest Spring op 22nd"]
[Site "Budapest"]
[Date "2006.03.29"]
[Round "7"]
[White "Schacht, Holger"]
[Black "Kradolfer, Georg"]
[Result "1/2-1/2"]
[WhiteElo "2292"]
[BlackElo "2133"]
[PlyCount "41"]
[EventDate "2006.03.23"]
[EventType "swiss"]
[EventRounds "9"]
[EventCountry "HUN"]
[SourceTitle "CBM 111 Extra"]
[Source "ChessBase"]
[SourceDate "2006.05.09"]
[SourceVersion "1"]
[SourceVersionDate "2006.05.09"]
[SourceQuality "1"]

1. d4 c6 2. c4 d5 3. cxd5 cxd5 4. Nc3 Nf6 5. Bf4 Nc6 6. Rc1 a6 7. Nf3 e6 8. e3 Qa5 9. Bd3 Be7 10. 0-0 0-0 11. Qa4 Qd8 12. e4 Bd7 13. Qb3 Nb4 14. Bb1 dxe4 15. Nxe4 Nbd5 16. Be5 Nxe4 17. Bxe4 Bc6 18. Bb1 Rc8 19. Bg3 Nf6 20. Rfd1 Qd5 21. Qxd5 1/2-1/2

[Event "Budapest Spring op 22nd"]
[Site "Budapest"]
[Date "2006.03.27"]
[Round "5"]
[White "Letay, Gyula"]
[Black "Kradolfer, Georg"]
[Result "0-1"]
[WhiteElo "2083"]
[BlackElo "2133"]
[PlyCount "62"]
[EventDate "2006.03.23"]
[EventType "swiss"]
[EventRounds "9"]
[EventCountry "HUN"]
[SourceTitle "CBM 111 Extra"]
[Source "ChessBase"]
[SourceDate "2006.05.09"]
[SourceVersion "1"]
[SourceVersionDate "2006.05.09"]
[SourceQuality "1"]

1. e4 c6 2. d3 d5 3. Nd2 e5 4. g3 Bd6 5. Bg2 Nf6 6. h3 0-0 7. Ngf3 Re8 8. 0-0 Nbd7 9. Nh4 g6 10. Qe1 b6 11. c4 Nc5 12. Qe2 Ba6 13. b3 Ne6 14. Bb2 Nd4 15. Bxd4 exd4 16. f4 Nh5 17. Qf2 Be7 18. Nhf3 dxe4 19. Nxe4 f5 20. Ned2 Rc8 21. Ne5 Bb7 22. Rae1 Bd6 23. Ndf3 c5 24. Kh2 Rc7 25. Qd2 Rce7 26. g4 fxg4 27. hxg4 Bxf3 28. Bxf3 Nxf4 29. Nc6 Re2+ 30. Rxe2 Nxe2+ 31. Kg2 Qh4 0-1

[Event "Lausanne Master op"]
[Site "Lausanne"]
[Date "2000.05.31"]
[Round "1"]
[White "Kradolfer, Georg"]
[Black "Bunzmann, Dimitrij"]
[Result "0-1"]
[WhiteElo "2174"]
[BlackElo "2502"]
[PlyCount "136"]
[EventDate "2000.05.31"]
[EventType "swiss"]
[EventRounds "9"]
[EventCountry "SUI"]
[SourceTitle "CBM 076 Extra"]
[Source "ChessBase"]
[SourceDate "2000.07.11"]
[SourceVersion "1"]
[SourceVersionDate "2000.07.11"]
[SourceQuality "1"]

1. c4 b6 2. e3 Bb7 3. Nf3 e6 4. b3 f5 5. Bb2 Nf6 6. d3 Bd6 7. Nbd2 0-0 8. g3 Nc6 9. Bg2 Ne5 10. Qe2 Nxf3+ 11. Bxf3 Bxf3 12. Nxf3 Qe8 13. Nd2 Qg6 14. Bxf6 Rxf6 15. e4 Be5 16. 0-0-0 fxe4 17. Qxe4 Qxe4 18. Nxe4 Rf3 19. d4 Bd6 20. Nxd6 cxd6 21. Rhf1 Raf8 22. Rd2 R8f5 23. Kd1 g5 24. Ke2 g4 25. Rd3 Ra5 26. Ra1 Rf6 27. Kf1 Raf5 28. Rd2 Kf8 29. Kg2 Ke7 30. Rh1 Rh5 31. h3 Rfh6 32. h4 Rf5 33. Re1 Rhf6 34. Re4 h5 35. Re3 Rf3 36. Rxf3 Rxf3 37. Kf1 Kf6 38. Ke2 Rc3 39. d5 e5 40. Rb2 e4 41. Rd2 Ke5 42. Rb2 Rf3 43. Rb1 e3 44. fxe3 Ke4 45. Rd1 Rxg3 46. Rd4+ Ke5 47. Rf4 Rh3 48. Rf7 Rh2+ 49. Kd3 Rxh4 50. Re7+ Kf6 51. Rxd7 g3 52. Rxd6+ Kf5 53. Ke2 Rg4 54. Kf1 Rg7 55. Rh6 Rf7 56. Kg2 Kg5 57. Rh8 Kh4 58. e4 Rf2+ 59. Kg1 Kg4 60. d6 Rd2 61. e5 h4 62. Rg8+ Kh3 63. Rf8 Rd1+ 64. Rf1 Rxf1+ 65. Kxf1 g2+ 66. Kf2 Kh2 67. Ke3 g1Q+ 68. Ke4 Qg8 0-1

[Event "Lenk op"]
[Site "Lenk"]
[Date "1991.??.??"]
[Round "4"]
[White "Kradolfer, Georg"]
[Black "Crouch, Colin S"]
[Result "0-1"]
[WhiteElo "2210"]
[BlackElo "2315"]
[PlyCount "68"]
[EventDate "1991.??.??"]
[EventType "swiss"]
[EventRounds "9"]
[EventCountry "SUI"]
[SourceTitle "TD"]
[Source "ChessBase"]
[SourceDate "1994.03.01"]
[SourceVersion "1"]
[SourceVersionDate "1994.03.01"]
[SourceQuality "1"]

1. c4 e6 2. Nc3 d5 3. d4 Nf6 4. Nf3 dxc4 5. e4 Bb4 6. Bg5 c5 7. e5 cxd4 8. exf6 gxf6 9. Bxf6 Qxf6 10. Qxd4 Qxd4 11. Nxd4 Bd7 12. Bxc4 Ke7 13. Nde2 Nc6 14. 0-0 Rac8 15. a3 Ba5 16. Bb5 a6 17. Ba4 b5 18. Bc2 Ne5 19. Be4 f5 20. b4 Bc7 21. Bb1 Rhg8 22. Kh1 Ng4 23. h3 Nf6 24. a4 Be5 25. Ra3 Bd6 26. axb5 a5 27. Rb3 axb4 28. Na2 Bxb5 29. Re1 Bc4 30. Rb2 b3 31. Nac3 Bb4 32. Bxf5 exf5 33. Nf4+ Kf7 34. Re3 Rge8 0-1

[Event "Zuerich sim"]
[Site "Zuerich"]
[Date "1988.??.??"]
[Round "?"]
[White "Portisch, Lajos"]
[Black "Kradolfer, Georg"]
[Result "1-0"]
[WhiteElo "2610"]
[BlackElo "2255"]
[PlyCount "71"]
[EventDate "1988.??.??"]
[EventType "simul"]
[EventRounds "1"]
[EventCountry "SUI"]
[SourceTitle "EXT 1997"]
[Source "ChessBase"]
[SourceDate "1996.11.15"]
[SourceVersion "1"]
[SourceVersionDate "1996.11.15"]
[SourceQuality "1"]

1. e4 Nf6 2. e5 Nd5 3. c4 Nb6 4. c5 Nd5 5. Bc4 e6 6. d4 d6 7. cxd6 cxd6 8. Nf3 Nb6 9. Bd3 Nc6 10. 0-0 Be7 11. exd6 Qxd6 12. Nc3 0-0 13. a3 Nd5 14. Qe2 Nf4 15. Bxf4 Qxf4 16. Rad1 Rd8 17. Be4 Bd6 18. Rfe1 Bd7 19. d5 Ne7 20. Rd4 Nf5 21. Bxf5 Qxf5 22. Ne4 Be5 23. Nxe5 Qxe5 24. Qd2 Bc6 25. Ng3 Qd6 26. Nh5 exd5 27. Rg4 d4 28. Rxg7+ Kh8 29. Rxf7 Qg6 30. Rg7 Qxh5 31. Ree7 Qf5 32. h4 Rd6 33. Qb4 Rad8 34. Rgf7 Qb1+ 35. Kh2 Qg6 36. f3 1-0